Conference of the Institute of Economic Research of the Slovak Academy of Sciences and the Rectorate of the University of Economics in Bratislava

Informácia z konferencie Ekonomického ústavu SAV a Ústavu Ekonómie a manažmentu Ekonomickej univerzity v Bratislave, ktorá sa konala 27.11.2019. Udalosť venovaná vybraným aktuálnym problémom svetovej ekonomiky.

Na minha lista:
Detalhes bibliográficos
Autor principal: Gonda, Vladimír
Outros Autores: Adamovský, Peter, 1990-
Formato: Capítulo de Livro
Idioma:inglês
Assuntos:
Tags: Adicionar Tag
Sem tags, seja o primeiro a adicionar uma tag!

MARC

LEADER 00000naa a2200000 4500
001 0263290
005 20240612105032.4
041 0 |a eng 
044 |a SK 
245 1 0 |a Conference of the Institute of Economic Research of the Slovak Academy of Sciences and the Rectorate of the University of Economics in Bratislava  |c Vladimír Gonda, Peter Adamovský 
520 |a Informácia z konferencie Ekonomického ústavu SAV a Ústavu Ekonómie a manažmentu Ekonomickej univerzity v Bratislave, ktorá sa konala 27.11.2019. Udalosť venovaná vybraným aktuálnym problémom svetovej ekonomiky. 
610 2 0 |a konferencie 
610 2 0 |a obchod medzinárodný 
610 2 0 |a Európska únia 
610 2 0 |a USA 
610 2 0 |a Japonsko 
610 2 0 |a únie menové 
610 2 0 |a spolupráca vedecká medzinárodná 
610 2 0 |a vojna obchodná 
610 2 0 |a hospodárstvo svetové 
100 1 |a Gonda, Vladimír 
700 1 |a Adamovský, Peter, 1990-